Responses for show #721 - Monday, October 26, 1987

Contestants

Carol Cling, a journalist from Las Vegas, Nevada

Tim Kozel, an attorney from Los Angeles, California

John Lamb, a savings and loan executive originally from New York (whose 1-day cash winnings total $11,001)

Jeopardy! Round responses

THE U.N.
THE BIG CATS
SOLITAIRE
INDIANA
FLYING ACES
"BAD"
    $100 1
UNICEF

Carol
    $100 3
lion

Carol
    $100 9
poker solitaire

Tim
    $100 17
turkeys

Carol
    $100 12
qualifications for an ace

Tim
    $100 2
badges

Tim
    $200 8
(Alex: They can have 5 alternates also.)

General Assembly

Carol
    $200 5
spots

Tim
    $200 13
12

Tim
    $200 18
covered bridges

Tim
    $200 25
Mickey Mouse

Carol
    $200 4
bad blood

Tim
    $300 21
Rockefeller

John
    $300 6
jaguar

Carol
    $300 14
Auld Lang Syne

Carol
    $300 19
(Carol: What is Bethlehem?)

Santa Claus

Carol
Triple Stumper
    $300 26
(John: What is the Flying Cross?)

Congressional Medal of Honor

John
Triple Stumper
    $300 7
badlands

John
    $600 22
Harry Truman

John
    $400 10
(Tim: What is the heart?)
(John: What is the liver?)

the stomach

JohnTim
Triple Stumper
    $400 27
(Carol: What are face cards?)

aces

TimCarol
    $400 20
Indianapolis

John
    $400 15
badminton

Carol
    $500 23
nuclear (atomic)

John
    $500 11
cheetah

Carol
    $500 28
[end-of-round signal sounds]

jokers

John
    $500 24
(Alex: We've got a minute to go in the round.)

Abraham Lincoln

John
    $500 16
Baden

Carol

Scores at the first commercial break (after clue 14):

John Tim Carol
-$100 $500 $1,500

Scores at the end of the Jeopardy! Round:

John Tim Carol
$2,400 $1,100 $2,000

Double Jeopardy! Round responses

CLASSICAL MUSIC
PHYSICS
FOOD & DRINK
HISTORICAL NICKNAMES
THE MOVIES
"GOOD"
    $200 24
the moon

Tim
    $200 29
blanket

Carol
    $200 3
hamburger

John
    $200 4
William Fulbright

John
    $200 7
(The Adventures of) Robin Hood

Tim
    $200 12
Good Friday

Carol
    $2,000 30
Peter and the Wolf

Carol
    $400 28
(Tim: What is transpiration?)
(Carol: What is rehydration?)

condensation

TimCarol
Triple Stumper
    $400 17
(John: What is Coca-Cola?)
(Alex: By a year.)

Dr. Pepper

JohnTim
    $400 5
Elizabeth I

John
    $400 9
Midnight Express

Carol
    $400 16
Good Humor

Carol
    $600 27
opera

John
    $1,100 1
(Tim: What is 3?)

7

Tim
    $600 23
sugar

Carol
    $600 6
Alexander Haig

Carol
    $600 10
Magnum Force

Carol
    $600 19
Benny Goodman

Tim
    $800 25
"Brahms' Lullaby"

Carol
    $800 8
float

Carol
    $800 20
dandelions

Tim
    $800 14
(John: Who was Wyatt Earp?)

Pat Garrett

JohnCarol
    $800 11
Broadway

John
    $800 21
goodbye

Tim
    $1000 26
violin & cello

Carol
    $1000 2
magnetic field

John
    $1000 18
Peach Melba

Carol
    $1000 15
Patrick Henry

John
    $1000 13
Miss Sadie Thompson

Carol
    $1000 22
The Good Earth

Triple Stumper

Scores at the end of the Double Jeopardy! Round:

John Tim Carol
$5,400 $2,600 $12,000
(lock game)

[wagering suggestions for these scores]

Final Jeopardy! Round responses

POETRY
TimWhat is a pelican?
$2,600
JohnWhat is a pelican?
$5,400
CarolWhat is a pelican?
$1,201
pelican

Final scores:

John Tim Carol
$10,800 $5,200 $13,201
2nd place: Jenn-Air grill range & Le Creuset cookware 3rd place: Casio electronic typewriter New champion: $13,201

Game dynamics:

Coryat scores:

John Tim Carol
$5,200 $3,700 $10,400
14 R
(including 1 DD),
4 W
14 R,
3 W
(including 1 DD)
24 R
(including 1 DD),
3 W

Combined Coryat: $19,300

The J! Archive is created by fans, for fans. The Jeopardy! game show and all elements thereof, including but not limited to copyright and trademark thereto, are the property of Jeopardy Productions, Inc. and are protected under law. This website is not affiliated with, sponsored by, or operated by Jeopardy Productions, Inc. Join the discussion at JBoard.tv.